书目信息 |
| 题名: |
感动,如此创造
|
|
| 作者: | 久石让 著 ;何启宏 译 | |
| 分册: | ||
| 出版信息: | 北京 中信出版集团股份有限公司 2017.05 |
|
| 页数: | 222页 | |
| 开本: | 22cm | |
| 丛书名: | ||
| 单 册: | ||
| 中图分类: | J0-02 | |
| 科图分类: | ||
| 主题词: | 艺术--创意 | |
| 电子资源: | ||
| ISBN: | 978-7-5086-7050-8 | |
| 000 | 01044nam0 2200277 450 | |
| 001 | 0120172111321 | |
| 005 | 20180927150048.65 | |
| 010 | @a978-7-5086-7050-8@b精装@dCNY45.00 | |
| 100 | @a20170510d2017 em y0chiy50 ea | |
| 101 | 1 | @achi@cjpn |
| 102 | @aCN@b110000 | |
| 105 | @ay z 000yy | |
| 106 | @ar | |
| 200 | 1 | @a感动,如此创造@9gan dong , ru ci chuang zao@f(日)久石让著@g何启宏译 |
| 205 | @a2版 | |
| 210 | @a北京@c中信出版集团股份有限公司@d2017.05 | |
| 215 | @a222页@d22cm | |
| 305 | @a由城邦文化事业股份有限公司——麦田出版事业部授权出版 | |
| 330 | @a创造力是什么?感性是什么?怎样才能保持一流的专业水准?久石让第一次用文字记录了他对音乐创作的想法,如何捕捉创意、如何从生活中获取力量。这本书不仅包含着久石让对音乐、创意和工作本身的独到见解,而且,它是写给所有希望“做出好东西”的人阅读。 | |
| 333 | @a艺术爱好者 | |
| 606 | 0 | @a艺术@x创意 |
| 690 | @aJ0-02@v5 | |
| 701 | 0 | @c(日)@a久石让@9jiu shi rang@4著 |
| 702 | 0 | @a何启宏@9he qi hong@4译 |
| 801 | 0 | @aCN@b人天书店@c20170510 |
| 905 | @b1095146-50@dJ0-02@e455=2@f5 | |
| 感动,如此创造/(日)久石让著/何启宏译.-2版.-北京:中信出版集团股份有限公司,2017.05 |
| 222页;22cm |
| 使用对象:艺术爱好者 |
| ISBN 978-7-5086-7050-8(精装):CNY45.00 |
| 创造力是什么?感性是什么?怎样才能保持一流的专业水准?久石让第一次用文字记录了他对音乐创作的想法,如何捕捉创意、如何从生活中获取力量。这本书不仅包含着久石让对音乐、创意和工作本身的独到见解,而且,它是写给所有希望“做出好东西”的人阅读。 |
| ● |
| 相关链接 |
|
|
|
|
正题名:感动,如此创造
索取号:J0-02/455=2
 
预约/预借
| 序号 | 登录号 | 条形码 | 馆藏地/架位号 | 状态 | 备注 |
| 1 | 1095146 | 210951460 | 第一样本阅览室/ [索取号:J0-02/455=2] | 在馆 | |
| 2 | 1095147 | 210951479 | 教育系资料室/ [索取号:J0-02/455=2] | 在馆 | |
| 3 | 1095148 | 210951488 | 教育系资料室/ [索取号:J0-02/455=2] | 在馆 | |
| 4 | 1095149 | 210951497 | 第一借阅区/ [索取号:J0-02/455=2] | 在馆 | |
| 5 | 1095150 | 210951503 | 美术系资料室/ [索取号:J0-02/455=2] | 在馆 |